00745 2200277 4500001002100000005001500021035002500036020002200061040001200083041000800095082001700103084001700120090002100137090002100158100003100179245004700210250001100257260003600268300003700304504002800341650002300369850001200392999002100404990002100425990002100446INLIS00000000003433120190627100052 a0010-031800000000274 a978-602-453-587-2 aYOPDYOG0 aind042[23]a001.42 a001.42 Lub M aDEP 001.42 Lub M aCB-D.11 2018-0313 aLUBIS, Mayang Sari,d1987-0 aMetodologi penelitian /cMayang Sari Lubis aCet. 1 aYogyakarta :bDeepublish,c2018 aviii, 60 hlm. :bilus. ;c20 cm. aBibliografi: hlm. 56-58 4aPenelitian, Metode aYOPDYOG aCB-D.11/2018-031 aCB-D.11/2018-031 aCB-D.11/2018-031